عرض عادي
عرض مارك
- ياسين، أريج تحسين قاسم،
دخول Personal Name
001 - CONTROL NUMBER
- control field: 26773
003 - CONTROL NUMBER IDENTIFIER
- control field: AE-AdECS
005 - DATE AND TIME OF LATEST TRANSACTION
- control field: 20260223090254.0
008 - FIXED-LENGTH DATA ELEMENTS
- fixed length control field: 260223|| aca||aabn | a|a d
040 ## - CATALOGING SOURCE
- Original cataloging agency: AE-AdECS
- Transcribing agency: AE-AdECS
100 ## - HEADING--PERSONAL NAME
- Personal name: ياسين، أريج تحسين قاسم،
670 ## - SOURCE DATA FOUND
- Source citation: Work cat.: (AE-AdECS)294242: ياسين، أريج تحسين قاسم، مؤلف., الحياة الاجتماعية و الاقتصادية في مدينة نابلس خلال الثورة الفلسطينية الكبرى عام 1936 م /
